NBA Team's Greatest Player - Statistics

General Stats
  • This quiz has been taken 147 times
  • The average score is 27 of 30
Answer Stats
Team Jersey # (drafted) Year Drafted Answer % Correct
Golden State Warriors 30 2009 Stephen Curry
100%
Los Angeles Lakers 8 1996 Kobe Bryant
99%
Cleveland Cavaliers 23 2003 Lebron James
99%
Chicago Bulls 23 1984 Michael Jordan
99%
Denver Nuggets 15 2014 Nikola Jokic
98%
Orlando Magic 32 1992 Shaquille O’Neal
98%
Boston Celtics 6 1956 Bill Russell
97%
Dallas Mavericks 41 1998 Dirk Nowitzki
97%
Houston Rockets 34 1984 Hakeem Olajuwon
97%
Oklahoma City Thunder 35 2007 Kevin Durant
97%
San Antonio Spurs 21 1997 Tim Duncan
96%
Miami Heat 3 2003 Dwyane Wade
95%
Milwaukee Bucks 34 2013 Giannis Antetokounmpo
95%
Detroit Pistons 11 1981 Isiah Thomas
92%
Minnesota Timberwolves 5 1995 Kevin Garnett
91%
New York Knicks 33 1985 Patrick Ewing
91%
Los Angeles Clippers 3 2005 Chris Paul
90%
Utah Jazz 32 1985 Karl Malone
90%
Indiana Pacers 31 1987 Reggie Miller
90%
Phoenix Suns 13 1996 Steve Nash
88%
New Orleans Pelicans 23 2012 Anthony Davis
86%
Philadelphia 76ers 6 1972 Julius Erving
86%
Atlanta Hawks 21 1982 Dominique Wilkins
83%
Memphis Grizzlies 33 2007 Marc Gasol
82%
Portland Trail Blazers 22 1983 Clyde Drexler
80%
Toronto Raptors 2 2011 Kawhi Leonard
80%
Brooklyn Nets 5 1994 Jason Kidd
79%
Sacramento Kings 14 1960 Oscar Robertson
78%
Charlotte Hornets 8 2011 Kemba Walker
73%
Washington Wizards 41 1968 Wes Unseld
70%
No matching quizzes found
Score Distribution
Percent of People with Each Score
Percentile by Number Answered
Your Score History
You have not taken this quiz